Protecting the Ozone layer through trade Measures: (Record no. 3859)

MARC details
000 -LEADER
fixed length control field 00429nam a22001337a 4500
008 - FIXED-LENGTH DATA ELEMENTS--GENERAL INFORMATION
fixed length control field 230704b xxu||||| |||| 00| 0 eng d
082 ## - DEWEY DECIMAL CLASSIFICATION NUMBER
Classification number 341.7
Item number TWU
100 ## - MAIN ENTRY--PERSONAL NAME
Titles and words associated with a name Rosalind Twum-Barima
245 ## - TITLE STATEMENT
Title Protecting the Ozone layer through trade Measures:
Remainder of title Reconciling the Trade Provisions of the Montreal Protocol and the rules of the GATT
260 ## - PUBLICATION, DISTRIBUTION, ETC. (IMPRINT)
Name of publisher, distributor, etc. United nations
Date of publication, distribution, etc. 1994
300 ## - PHYSICAL DESCRIPTION
Extent 119p
440 ## - SERIES STATEMENT/ADDED ENTRY--TITLE
International Standard Serial Number 10201610
942 ## - ADDED ENTRY ELEMENTS (KOHA)
Source of classification or shelving scheme Dewey Decimal Classification
Koha item type Books
Holdings
Withdrawn status Lost status Source of classification or shelving scheme Damaged status Not for loan Home library Current library Date acquired Total Checkouts Full call number Barcode Date last seen Price effective from Koha item type
    Dewey Decimal Classification     County Hall Archives County Hall Archives 07/04/2023   341.7 TWU 10011246 07/04/2023 07/04/2023 Books
LIBRARY OPENING HOURS

When the Parliament is sitting: 8.00a.m - 7.00p.m or until the house adjourns
Mondays and Fridays and when the House is on Recess:  8.00a.m - 5.00p.m
Closed on Weekends and Public Holidays

Online Public Access Catalog (OPAC)
Website: http://www.parliament.go.ke
Bunge Library: https://libraryir.parliament.go.ke
Contact: library@parliament.go.ke | Tel no: (254-2)2221291 or 2848000 Ext 5043